[Event "Titled Tuesday intern op 28th May Late"]
[Site "Chess.com INT"]
[Date "2024.05.28"]
[Round "2"]
[White "Barria Zuniga, Daniel"]
[Black "Alonso Orta, Osiel Alberto"]
[Result "1-0"]
[WhiteElo "2341"]
[BlackElo "2044"]
[PlyCount "93"]
[EventDate "2024.05.28"]
[EventType "swiss (blitz)"]
[EventRounds "11"]
[EventCountry "USA"]
[SourceTitle "EXT 2025"]
[Source "ChessBase"]
[SourceDate "2024.10.14"]
[SourceVersion "1"]
[SourceVersionDate "2024.10.14"]
[SourceQuality "1"]

1. d4 Nf6 2. c4 g6 3. Nc3 Bg7 4. e4 d6 5. Be2 0-0 6. Nf3 e5 7. d5 c5 8. 0-0 a6 9. Ne1 Ne8 10. Nd3 f5 11. f3 f4 12. Bd2 g5 13. g4 h5 14. h3 hxg4 15. hxg4 Qf6 16. Kg2 Kf7 17. Rh1 Nd7 18. b4 b6 19. a4 Nc7 20. a5 bxa5 21. bxc5 Nxc5 22. Nxc5 dxc5 23. Rxa5 Bd7 24. Rxc5 Ne8 25. Ra5 Rc8 26. c5 Nc7 27. d6 Ne6 28. Nd5 Qg6 29. Ne7 Qf6 30. Nxc8 Rxc8 31. Bc4 Kg6 32. Bb4 Nd4 33. Rxa6 Rb8 34. Rb6 Ra8 35. Bd5 Ra7 36. c6 Be6 37. c7 Bxd5 38. exd5 Ra2+ 39. Kf1 e4 40. c8Q e3 41. Qe8+ Qf7 42. Qd3+ Kf6 43. Qxf7+ Kxf7 44. Rb7+ Kg8 45. Qh7+ Kf8 46. d7+ Kf7 47. d8Q# 1-0

[Event "Titled Tuesday intern op 28th May Late"]
[Site "Chess.com INT"]
[Date "2024.05.28"]
[Round "4"]
[White "Flynn, Jacob"]
[Black "Alonso Orta, Osiel Alberto"]
[Result "1-0"]
[WhiteElo "2190"]
[BlackElo "2044"]
[PlyCount "73"]
[EventDate "2024.05.28"]
[EventType "swiss (blitz)"]
[EventRounds "11"]
[EventCountry "USA"]
[SourceTitle "EXT 2025"]
[Source "ChessBase"]
[SourceDate "2024.10.14"]
[SourceVersion "1"]
[SourceVersionDate "2024.10.14"]
[SourceQuality "1"]

1. e4 e5 2. Nf3 Nc6 3. Bc4 Nf6 4. d3 Bc5 5. 0-0 d6 6. c3 Bb6 7. Nbd2 h6 8. Bb3 g5 9. Nc4 g4 10. Nfd2 h5 11. Nxb6 axb6 12. f4 h4 13. Nc4 exf4 14. Bxf4 Nh5 15. Be3 Be6 16. d4 h3 17. d5 hxg2 18. Re1 g3 19. h3 Qh4 20. Qe2 Bxh3 21. dxc6 bxc6 22. e5 d5 23. e6 fxe6 24. Bd4 Kd7 25. Bxh8 dxc4 26. Rad1+ Kc8 27. Bxc4 Kb7 28. Be5 Bg4 29. Qxg2 Bxd1 30. Rxd1 Rg8 31. Rd7 Qxc4 32. Rxc7+ Ka6 33. Rxc6 Qd3 34. Rd6 Qb5 35. Bd4 Rb8 36. Rxb6+ Rxb6 37. Qa8# 1-0

[Event "Capablanca Memorial op 57th"]
[Site "Havana"]
[Date "2024.05.11"]
[Round "9"]
[White "Alonso Orta, Osiel Alberto"]
[Black "Rodriguez Arrieta, Maria Elena"]
[Result "1-0"]
[WhiteElo "2043"]
[BlackElo "1951"]
[PlyCount "89"]
[EventDate "2024.05.03"]
[EventType "swiss"]
[EventRounds "10"]
[EventCountry "CUB"]
[SourceTitle "EXT 2025"]
[Source "ChessBase"]
[SourceDate "2024.10.14"]
[SourceVersion "1"]
[SourceVersionDate "2024.10.14"]
[SourceQuality "1"]

1. e4 e5 2. Nf3 Nc6 3. Bb5 a6 4. Ba4 Nf6 5. 0-0 Be7 6. Re1 b5 7. Bb3 d6 8. c3 0-0 9. h3 Nb8 10. d4 Nbd7 11. Nbd2 Bb7 12. Bc2 Re8 13. Nf1 Bf8 14. Ng3 g6 15. Bg5 h6 16. Bd2 c5 17. d5 c4 18. Nh2 Kh7 19. f4 exf4 20. Bxf4 Qc7 21. a4 Bg7 22. Nf3 b4 23. cxb4 Qb6+ 24. Kh1 Qxb4 25. a5 Rad8 26. Ba4 Re7 27. Bd2 Qc5 28. Bc3 Qc7 29. Qd2 Nc5 30. Bc2 Rde8 31. Qf4 Nfd7 32. Bxg7 Kxg7 33. Nd4 Re5 34. Rf1 f6 35. Nf3 R5e7 36. Qg4 Ne5 37. Nh5+ Kh8 38. Nxe5 gxh5 39. Ng6+ Kh7 40. Qxh5 Rf7 41. e5 Nd3 42. Bxd3 cxd3 43. e6 Rg7 44. Rxf6 Qc2 45. Nf4 1-0

[Event "Capablanca Memorial op 57th"]
[Site "Havana"]
[Date "2024.05.10"]
[Round "8"]
[White "Viana, Valeria"]
[Black "Alonso Orta, Osiel Alberto"]
[Result "1-0"]
[WhiteElo "1892"]
[BlackElo "2043"]
[PlyCount "95"]
[EventDate "2024.05.03"]
[EventType "swiss"]
[EventRounds "10"]
[EventCountry "CUB"]
[SourceTitle "EXT 2025"]
[Source "ChessBase"]
[SourceDate "2024.10.14"]
[SourceVersion "1"]
[SourceVersionDate "2024.10.14"]
[SourceQuality "1"]

1. e4 c5 2. Nf3 a6 3. c3 Nf6 4. e5 Nd5 5. d4 cxd4 6. cxd4 d6 7. Bc4 Nb6 8. Bb3 e6 9. 0-0 Be7 10. Nc3 Nc6 11. Be3 d5 12. Nd2 h5 13. Ne2 g5 14. f4 Bd7 15. a3 Na5 16. Ba2 g4 17. b4 Nac4 18. Nxc4 dxc4 19. Nc3 Bc6 20. Qe2 Rc8 21. f5 Qd7 22. fxe6 Qxe6 23. Bb1 Nd5 24. Ne4 Nxe3 25. Qxe3 Rd8 26. Ra2 Qh6 27. Qc3 Bxe4 28. Bxe4 Qb6 29. Rd2 0-0 30. Rf5 Qh6 31. d5 Bg5 32. Re2 h4 33. d6 b5 34. Bd5 Qg7 35. Qc2 g3 36. Qe4 gxh2+ 37. Kxh2 Rc8 38. Qg4 Bd8 39. Qxg7+ Kxg7 40. Ref2 c3 41. Bb3 Bb6 42. Rc2 Bd4 43. Re2 Rce8 44. Re4 Bb6 45. Rxh4 Kg6 46. Bc2 Rh8 47. Rfh5+ Kg7 48. Rg4+ 1-0